| 000 | 00910nam a2200229Ii 4500 | ||
|---|---|---|---|
| 003 | JO-AjNU | ||
| 008 | 230605s9999||||xx |||||||||||||| ||und|| | ||
| 017 | _a2003/13289 | ||
| 020 | _a977-337-141-7 | ||
| 040 |
_aJO-AjNU _bara _erda _cJO-AjNU |
||
| 041 | _aara | ||
| 050 | 1 | 4 | _aHF 5415 .5 .R593.2010 |
| 100 | 3 |
_aاعداد خبراء مركز الخبرات المهنية للادارة بميك؛ مستشار علمي عبدالرحمن توفيق, _eauthor _944117 |
|
| 245 | 0 | 0 | _aالريادة والتفوق في الخدمة=Leadership & Excellence in Service |
| 264 | 3 | 1 | _aالقاهرة:مركز الخبرات المهنية للادارة بميك؛2010 |
| 300 | _a63ص | ||
| 336 |
_atext _btxt _2rdacontent |
||
| 337 |
_aunmediated _bn _2rdamedia |
||
| 338 |
_avolume _bnc _2rdacarrier |
||
| 490 | 0 | _aالمناهج التدريبية؛188 | |
| 650 | 4 |
_aالتسويق-العملاء _944118 |
|
| 999 |
_aA19022 _c22590 _d22590 |
||